Geography Quiz

Random Geography or City Quiz

Click the Country: 'C' Cities Quiz Stats

 Plays Quiz Updated Mar 8, 2015

Challenge
Share
Tweet
Embed
Score 0/30 Timer 05:00
22 Plays Today
% Correct
United States
93.7%
South Africa
92.5%
Denmark
92.2%
Mexico
89.1%
Australia
88.3%
United Kingdom
86.6%
Morocco
84.7%
Canada
83.6%
Ireland
82.1%
Germany
81.5%
Venezuela
77.8%
France
77.7%
Poland
76.1%
China
75.2%
Moldova
65.4%
% Correct
India
61.5%
Vietnam
60.4%
Sri Lanka
60.3%
Thailand
54.9%
Colombia
54%
Guinea
50.6%
Chile
50.5%
Belgium
47.1%
Saint Lucia
46.8%
Philippines
44.1%
Portugal
42.9%
Argentina
41.5%
Brazil
39.2%
Bangladesh
37.7%
Panama
27%

You're not logged in!

Compare scores with friends on all Sporcle quizzes.
Join for Free
OR
Log In

You Might Also Like...

Show Comments

Extras

Top Quizzes Today


Score Distribution

Your Account Isn't Verified!

In order to create a playlist on Sporcle, you need to verify the email address you used during registration. Go to your Sporcle Settings to finish the process.

Report this User

Report this user for behavior that violates our Community Guidelines.

Details: